000 00727nam a2200229Ia 4500
001 9660
003 GE_BSU
008 181216s||||||||xx |||||||||||||| ||und||
040 _cGE_BSU
080 _a821.353.1–1
100 _aმირცხულავა,ალიო
245 _aჰიმნი სამშობლოს
245 _bლექსები
245 _cრედ.თ.ბექიშვილი.მხატვ. გ.ღლონტი
260 _aთბილისი
260 _bნაკადული
260 _c1973
300 _a222გვ.18სმ.1ფ.პორტრ.
653 _aლექსები
653 _aჰიმნი სამშობლოს
942 _cBK
999 _c42944
_d42944